<?xml version="1.0" encoding="UTF-8"?>
<collection xmlns="http://www.loc.gov/MARC21/slim">
 <record>
  <leader>     na                 </leader>
  <controlfield tag="001">INLIS000000000020950</controlfield>
  <controlfield tag="005">20230512105053</controlfield>
  <controlfield tag="007">ta</controlfield>
  <controlfield tag="008">230512                g          0 ind  </controlfield>
  <datafield tag="020" ind1=" " ind2=" ">
   <subfield code="a">978-602-52531-8-4</subfield>
  </datafield>
  <datafield tag="035" ind1=" " ind2=" ">
   <subfield code="a">0010-0523000289</subfield>
  </datafield>
  <datafield tag="082" ind1=" " ind2=" ">
   <subfield code="a">297.1</subfield>
  </datafield>
  <datafield tag="084" ind1=" " ind2=" ">
   <subfield code="a">297.1 MUS b</subfield>
  </datafield>
  <datafield tag="100" ind1="0" ind2=" ">
   <subfield code="a">Mustaqim</subfield>
   <subfield code="e">Pengarang</subfield>
  </datafield>
  <datafield tag="245" ind1="1" ind2=" ">
   <subfield code="a">Bongkahan Cinta Ilahi</subfield>
  </datafield>
  <datafield tag="250" ind1=" " ind2=" ">
   <subfield code="a">I</subfield>
  </datafield>
  <datafield tag="264" ind1=" " ind2=" ">
   <subfield code="a">Yogyakarta :</subfield>
   <subfield code="b">Pustaka Diniyah,</subfield>
   <subfield code="c">2019</subfield>
  </datafield>
  <datafield tag="300" ind1=" " ind2=" ">
   <subfield code="a">x + 152 halaman ;</subfield>
   <subfield code="c">24 cm</subfield>
  </datafield>
  <datafield tag="336" ind1=" " ind2=" ">
   <subfield code="2">rdacontent</subfield>
   <subfield code="a">Teks</subfield>
  </datafield>
  <datafield tag="337" ind1=" " ind2=" ">
   <subfield code="2">rdamedia</subfield>
   <subfield code="a">Tanpa Perantara</subfield>
  </datafield>
  <datafield tag="338" ind1=" " ind2=" ">
   <subfield code="2">rdacarrier</subfield>
   <subfield code="a">Lembar</subfield>
  </datafield>
  <datafield tag="504" ind1=" " ind2=" ">
   <subfield code="a">151-152 halaman</subfield>
  </datafield>
  <datafield tag="505" ind1=" " ind2=" ">
   <subfield code="a">1.Dengan Iman, Hati Tenang Dan Urusan Lancar 9&#13;
2.Cintamu Bertepuk Sebelah Tangan Belum Waktunya&#13;
3.Aku Islam Hanya Karena Ayah Dan Ibuku Islam&#13;
4.Jangan Tinggalkan Kami Ayah, Bunda!&#13;
5.Nutup Aurat? Ntar Aja Kalau Udah Siap Astaghfirullah, Aku Tutup Telinga Saat &#13;
    Mendengar Panggilanmu&#13;
6.Astaghfirullah, Membaca Ayatmu Alergi Bagiku Siang Itu Terasa Malam Bagiku&#13;
7. Dengan Iman, Hati Tenang Dan Urusan Lancar 9&#13;
8.Cintamu Bertepuk Sebelah Tangan&#13;
9.Belum Waktunya&#13;
10.Aku Islam Hanya Karena Ayah Dan Ibuku Islam&#13;
11.Jangan Tinggalkan Kami Ayah, Bunda!&#13;
12.Nutup Aurat? Ntar Aja Kalau Udah Siap Astaghfirullah, Aku Tutup Telinga Saat Mendengar Panggilanmu&#13;
13.Astaghfirullah, Membaca Ayatmu Alergi Bagiku&#13;
14.Siang Itu Terasa Malam Bagiku</subfield>
  </datafield>
  <datafield tag="520" ind1=" " ind2=" ">
   <subfield code="a">Buku ini pada dasarnya lanjutan dari Buku &quot;Berhusnuzan kepada Allah; Semuanya akan Berakhir Indah&quot;. Dalam buku ini penulis mencoba menyadarkan kita yang lagi termenung di sudut ruangan yang sunyi, bingung mau dibawa kemana lagi hidup ini. Ibaratkan pepatah, &quot;semut di seberang lautan tampak, tapi gajah di pelupuk mata tak tampak&quot;. Kita hidup dikasih Allah banyak hal. Mulai dari keluarga, harta hingga pengalaman hidup. Itulah sesungguhnya Bongkahan Cinta Ilahi yang sering tak kita sadari. Dilihat ada potongan kayu. Bentuknya jelek. Lalu ada orang yang langsung hanyutin kayu itu ke sungai. Tapi ada juga orang yang diolahnya kayu itu, hingga bisa menjadi sebuah kursi. Begitu juga dengan sebuah bongkahan batu. Bentuknya tak karuan. Tapi dari bongkahan batu itu orang bisa bikin rumah, bikin gedung, bikin cincin. Insya Allah melalui buku ini kita akan menjadi sadar betapa sayangnya Allah sama kita. Allah kasih bahan, Allah tunjukin cara mengolahnya. Kita tinggal kerjakan dan jalanin.</subfield>
  </datafield>
  <datafield tag="650" ind1=" " ind2="4">
   <subfield code="a">Islam</subfield>
  </datafield>
  <datafield tag="650" ind1=" " ind2="4">
   <subfield code="a">Kehidupan Beragama</subfield>
  </datafield>
  <datafield tag="990" ind1=" " ind2=" ">
   <subfield code="a">073287</subfield>
  </datafield>
  <datafield tag="990" ind1=" " ind2=" ">
   <subfield code="a">073288</subfield>
  </datafield>
  <datafield tag="990" ind1=" " ind2=" ">
   <subfield code="a">073289</subfield>
  </datafield>
 </record>
</collection>
